| 000 | 01034cam a22001934a 4500 | ||
|---|---|---|---|
| 005 | 20250605164226.0 | ||
| 008 | 250528s ||||||||||||||||||||||||d | ||
| 035 | _a20866 | ||
| 020 | _a9789605940096 | ||
| 040 |
_aGR-AtMCL _bgre _dGR-AtMCL _eAACR2 |
||
| 245 | 1 | _aΈνα κορίτσι στο Άουσβιτς / Λογοτεχνία για νέους | |
| 260 |
_bΚαλέντης, _c2016 |
||
| 300 | _a88 | ||
| 520 | _aΤο Ολοκαύτωμα μέσα από τα μάτια ενός παιδιού που κατάφερε να κρατήσει ζωντανή την ελπίδα. Το ημερολόγιο ενός κοριτσιού που επέζησε από το Άουσβιτς είναι η ιστορία του Ολοκαυτώματος μέσα από τα μάτια ενός παιδιού, μία χρήσιμη ανάγνωση της Ιστορίας και των τραγικών στιγμών της... | ||
| 700 | 1 |
_aΣέσι Φρεντιάνο _96840 |
|
| 942 | _cBK | ||
| 999 |
_c5947 _d5947 |
||